<?xml version="1.0" encoding="UTF-8"?>
<record
    xmlns:xsi="http://www.w3.org/2001/XMLSchema-instance"
    xsi:schemaLocation="http://www.loc.gov/MARC21/slim http://www.loc.gov/standards/marcxml/schema/MARC21slim.xsd"
    xmlns="http://www.loc.gov/MARC21/slim">

  <leader>02296cam a22003011  4500</leader>
  <controlfield tag="001">31011</controlfield>
  <controlfield tag="003">BD-RjUL</controlfield>
  <controlfield tag="005">20211209051641.0</controlfield>
  <controlfield tag="008">140413t1963    nyua          000 0 eng d</controlfield>
  <datafield tag="035" ind1=" " ind2=" ">
    <subfield code="a">(BD-RjUL)31098</subfield>
  </datafield>
  <datafield tag="035" ind1=" " ind2=" ">
    <subfield code="a">(OCoLC)14625650</subfield>
  </datafield>
  <datafield tag="040" ind1=" " ind2=" ">
    <subfield code="a">DLC</subfield>
    <subfield code="c">DNLM</subfield>
    <subfield code="d">TxShA</subfield>
    <subfield code="d">OCoLC</subfield>
    <subfield code="d">IaPeC</subfield>
    <subfield code="d">Uk</subfield>
    <subfield code="d">OCoLC</subfield>
    <subfield code="d">DLC</subfield>
    <subfield code="d">BD-RjUL</subfield>
    <subfield code="b">eng</subfield>
  </datafield>
  <datafield tag="041" ind1=" " ind2=" ">
    <subfield code="a">eng</subfield>
  </datafield>
  <datafield tag="060" ind1="0" ind2=" ">
    <subfield code="a">WM 100</subfield>
    <subfield code="b">Q7r 1963</subfield>
  </datafield>
  <datafield tag="082" ind1="0" ind2="4">
    <subfield code="a">132</subfield>
    <subfield code="b">RES 1963</subfield>
  </datafield>
  <datafield tag="245" ind1="1" ind2="0">
    <subfield code="a">Research in psychopathology :</subfield>
    <subfield code="b">selected readings /</subfield>
    <subfield code="c">edited by Herbert C. quay</subfield>
  </datafield>
  <datafield tag="260" ind1=" " ind2=" ">
    <subfield code="a">Princeton, N.J. :</subfield>
    <subfield code="b">Nostrand,</subfield>
    <subfield code="c">c1963.</subfield>
  </datafield>
  <datafield tag="300" ind1=" " ind2=" ">
    <subfield code="a">viii, 216 p.  :</subfield>
    <subfield code="b">ill. ;</subfield>
    <subfield code="c">17 cm.</subfield>
  </datafield>
  <datafield tag="490" ind1="0" ind2=" ">
    <subfield code="a">An Insight book,</subfield>
    <subfield code="v">no. 11</subfield>
  </datafield>
  <datafield tag="505" ind1="0" ind2=" ">
    <subfield code="a">The reliability of psychiatric diagnosis: a new look / Herman O. Schmidt, Charles P. Fonda -- Some personality correlates of stimulus generalization under stress / Charles W. Eriksen -- Conditioning and personality: a study of normal and neurotic subjects / Cyril M. Franks -- A note on the differentiation of normal and neurotic children by means of objective tests / H. J. Eysenck, D. B. Prell -- Factors in parental behavior and personality as related to problem behavior in children / Wesley C. Becker, Donald R. Peterson, Leo A. Hellmer, Donald J. Shoemaker, Herbert C. Quay -- Symptom patterns in a group of mental hospital patients / J. R. Wittenborn -- A genetic approach to the interpretation and evaluation of the process-reactive distinction in schizophrenia / Wesley C. Becker -- Schizophrenic intellectual impairment; uniform or differential? / Arnold Binder.</subfield>
  </datafield>
  <datafield tag="505" ind1="0" ind2=" ">
    <subfield code="a">"Conceptual level" vs. "Conceptual area" analysis of object-sorting behavior of schizophrenic and nonpsychiatric groups / Laurence S. McGaughran, Louis J. Moran -- The parental attitudes of mothers of schizophrenics / Marvin Zuckerman, Mary Oltean, Irwin Monashkin -- A comparative study of the personal histories of schizophrenic and nonpsychiatric patients / William Schofield, Lucy Balian -- A study of anxiety in the sociopathic personality / David T. Lykken -- Retention in psychopathic, neurotic, and normal subjects / Lewis J. Sherman.</subfield>
  </datafield>
  <datafield tag="650" ind1=" " ind2="0">
    <subfield code="a">Psychology, Pathological.</subfield>
    <subfield code="9">94279</subfield>
  </datafield>
  <datafield tag="650" ind1=" " ind2="0">
    <subfield code="a">Psychology</subfield>
    <subfield code="x">Research.</subfield>
    <subfield code="9">94280</subfield>
  </datafield>
  <datafield tag="700" ind1="1" ind2=" ">
    <subfield code="a">Quay, Herbert C.</subfield>
    <subfield code="9">94281</subfield>
  </datafield>
  <datafield tag="942" ind1=" " ind2=" ">
    <subfield code="2">ddc</subfield>
    <subfield code="c">BK</subfield>
  </datafield>
  <datafield tag="999" ind1=" " ind2=" ">
    <subfield code="c">31011</subfield>
    <subfield code="d">31011</subfield>
  </datafield>
  <datafield tag="952" ind1=" " ind2=" ">
    <subfield code="0">0</subfield>
    <subfield code="1">0</subfield>
    <subfield code="2">ddc</subfield>
    <subfield code="4">0</subfield>
    <subfield code="7">0</subfield>
    <subfield code="8">NFIC</subfield>
    <subfield code="a">RUCL</subfield>
    <subfield code="b">RUCL</subfield>
    <subfield code="c">Reading</subfield>
    <subfield code="d">1966-02-17</subfield>
    <subfield code="e">Miza book agency</subfield>
    <subfield code="g">9.75</subfield>
    <subfield code="l">0</subfield>
    <subfield code="o">132 RES 1963</subfield>
    <subfield code="r">2014-04-13 00:00:00</subfield>
    <subfield code="t">C-1</subfield>
    <subfield code="w">2021-12-09</subfield>
    <subfield code="y">BK</subfield>
  </datafield>
</record>
